El enfoque de resolución de problemas en la enseñanza de la matemática a partir del estudio de clases

Saved in:
Bibliografiske detaljer
Hovedforfatter: Isoda, Masami (Author)
Andre forfattere: Olfos Ayarza, Raimundo Angel (autor)
Format: Bog
Sprog:spansk
Udgivet: Valparaíso, Chile Ediciones Universitarias de Valparaíso 2009
Fag:
Online adgang:Disponible Online
Tags: Tilføj Tag
Ingen Tags, Vær først til at tagge denne postø!

MARC

LEADER 00000cam a2200000 a 4500
001 UCG9936
003 CL-VaPUC
005 20240705074024.0
008 120412e20090000CL |||||||||||||||||spa|d
999 |c 347462  |d 347460 
020 |a 9789561704497 
040 |c Pontificia Universidad Católica de Valparaíso 
082 0 4 |a 372.7 ISO 2009  |2 21 
100 |a Isoda, Masami  |e author  |9 604748 
245 1 3 |a El enfoque de resolución de problemas en la enseñanza de la matemática a partir del estudio de clases 
260 |a Valparaíso, Chile   |b Ediciones Universitarias de Valparaíso   |c 2009 
300 |a 294 páginas  
583 |a last modification  |c 20120412 10:24:00  |k Rodrigo Vera 
650 0 |a Matemáticas  |x Enseñanza  |9 875527 
650 0 |a Matemática  |9 260235 
650 0 |a Métodos de enseñanza  |9 270413 
700 |a Olfos Ayarza, Raimundo Angel  |e autor  |9 604260 
856 |u https://bibliografiadigital.pucv.cl/index.php/bibliotecapucv/catalog/book/183  |y Disponible Online 
942 |c BK  |2 ddc 
945 |d 20120412 00:00:00  |a dcastane 
952 |0 0  |1 0  |4 0  |6 372_700000000000000_ISO_2009  |7 0  |8 A  |9 448800  |a BIBING  |b BIBING  |d 2019-11-22  |i 4857623  |o 372.7 ISO 2009  |p 4857623  |r 2025-01-20  |w 2019-11-22  |y BK  |k CUI 
952 |0 0  |1 0  |3 erb  |4 0  |6 372_700000000000000_ISO_2009  |7 0  |8 A  |9 448802  |a BIBMAT  |b BIBMAT  |c E_DIDACT  |i 5266327  |l 3  |o 372.7 ISO 2009  |p 5266327  |r 2025-04-15  |s 2025-04-15  |w 2019-11-22  |y BK  |z Catalogado en:20160310  |k MAT 
952 |0 0  |1 0  |3 erb  |4 0  |6 372_700000000000000_ISO_2009  |7 0  |8 X  |9 448803  |a FDOBUD  |b FDOBUD  |i 5302935  |o 372.7 ISO 2009  |p 5302935  |r 2019-11-22  |w 2019-11-22  |y BK_X  |z Catalogado en:20160428  |k FHP 
952 |0 0  |1 0  |3 erb  |4 0  |6 372_700000000000000_ISO_2009  |7 0  |8 A  |9 448804  |a BIBEDU  |b BIBEDU  |d 2019-06-12  |e 11  |g 15000.00  |i 5552826  |o 372.7 ISO 2009  |p 5552826  |r 2019-11-22  |v 15000.00  |w 2019-11-22  |y BK  |z Catalogado en:20190617  |k EBA 
952 |0 0  |1 0  |3 erb  |4 0  |6 372_700000000000000_ISO_2009  |7 0  |8 A  |9 448805  |a BIBEDU  |b BIBEDU  |d 2019-06-12  |e 11  |g 15000.00  |i 5552818  |o 372.7 ISO 2009  |p 5552818  |r 2019-11-22  |v 15000.00  |w 2019-11-22  |y BK  |z Catalogado en:20190617  |k EBA 
952 |0 0  |1 0  |3 erb  |4 0  |6 372_700000000000000_ISO_2009  |7 0  |8 A  |9 448806  |a BIBEDU  |b BIBEDU  |d 2019-06-12  |e 11  |g 15000.00  |i 555280K  |o 372.7 ISO 2009  |p 555280K  |r 2019-11-22  |v 15000.00  |w 2019-11-22  |y BK  |z Catalogado en:20190617  |k EBA